Cours pratique et théorique de langue arabe (Record no. 36020)

MARC details
000 -LEADER
campo de control de longitud fija 00615nam a2200181 i 4500
001 - NÚMERO DE CONTROL
campo de control 36020
003 - IDENTIFICADOR DE NÚMERO DE CONTROL
campo de control ES-MaACL
005 - FECHA Y HORA DE LA ÚLTIMA TRANSACCIÓN
campo de control 20230906155256.0
007 - CAMPO FIJO DE DESCRIPCIÓN FÍSICA--INFORMACIÓN GENERAL
campo de control de longitud fija t|
008 - DATOS DE LONGITUD FIJA--INFORMACIÓN GENERAL
campo de control de longitud fija 030214s1914 ae ||||1| fre d
100 1# - ENTRADA PRINCIPAL--NOMBRE DE PERSONA
Nombre de persona Bresnier, Louis-Jacques.
9 (RLIN) 31608
245 10 - MENCIÓN DEL TÍTULO
Título Cours pratique et théorique de langue arabe
Resto del título : acompagné d'un traité du langage arabe usuel et de ses divers Llialzetes en Algérie /
Mención de responsabilidad, etc. par L. J. Bresnier.
250 ## - MENCION DE EDICION
Mención de edición 2eme ed.
260 ## - PUBLICACIÓN, DISTRIBUCIÓN, ETC.
Lugar de publicación, distribución, etc. Alger :
Nombre del editor, distribuidor, etc. Adolphe Jourdan,
Fecha de publicación, distribución, etc. 1914.
300 ## - DESCRIPCIÓN FÍSICA
Extensión XVI, 690 p. ;
Dimensiones 22 cm.
650 #4 - PUNTO DE ACCESO ADICIONAL DE MATERIA--TÉRMINO DE MATERIA
Término de materia o nombre geográfico como elemento de entrada Lengua árabe-
Subdivisión general Gramática.
9 (RLIN) 14089
852 ## - LOCALIZACIÓN
Ubicación ES-MaACL
Número de control de estantería F-6591
Holdings
Estatus retirado Estado de pérdida Estado de daño No para préstamo Biblioteca de origen Biblioteca actual Ubicación en estantería Fecha de adquisición Fuente de adquisición Total de préstamos Signatura topográfica completa Código de barras Visto por última vez Precio de reemplazo Tipo de ítem Koha
        Biblioteca del Ateneo de Madrid Biblioteca del Ateneo de Madrid Depósito 2 17/01/2008     F-6591 1037772 23/02/2023 23/02/2023 Libro impreso